000 00688nam a2200289Ia 4500
005 20260324111636.0
008 008 260324s9999 xx 000 0 eng d
020 _a9781003195290
037 _aEBOOK
040 _aCRL
040 _beng
040 _cCRL
041 _2eng
041 _aeng
084 _qCRL
100 _aStephen Eales
_91139407
245 4 _aThe Ghost in the Telescope
245 4 _bThe Story of the Herschel Space Observatory
260 _bTaylor and Francis
260 _c2025
365 _a
365 _b180
856 _uhttp://www.taylorfrancis.com/books/9781003195290
942 _cEBOOK
999 _c1728296
_d1728296